| Tag |
First Indicator |
Second Indicator |
Subfields |
| LEADER |
00000cam a2200000 a 4500 |
| 001 |
in00000003241 |
| 005 |
20151007051104.0 |
| 008 |
990505s1999 dcua f000 0 eng d |
| 035 |
|
|
|a (OCoLC)41303708
|
| 035 |
|
|
|9 AJG4676AM
|
| 040 |
|
|
|a GPO
|c GPO
|d DLC
|d MvI
|d UtOrBLW
|
| 043 |
|
|
|a n-us---
|
| 049 |
|
|
|a UDOC
|a UMIC
|
| 074 |
|
|
|a 0323-A
|
| 086 |
0 |
|
|a D 101.43/2:226/999
|
| 088 |
|
|
|a RPI 226
|
| 245 |
0 |
0 |
|a Skill training /
|c Army.
|
| 264 |
|
1 |
|a [Washington, D.C.?] :
|b The Army,
|c [1999]
|
| 300 |
|
|
|a 10 unnumbered pages :
|b color illustrations ;
|c 22 cm.
|
| 336 |
|
|
|a text
|b txt
|2 rdacontent
|
| 337 |
|
|
|a unmediated
|b n
|2 rdamedia
|
| 338 |
|
|
|a volume
|b nc
|2 rdacarrier
|
| 500 |
|
|
|a Cover title.
|
| 500 |
|
|
|a Shipping list number: 99-0209-P.
|
| 500 |
|
|
|a "RPI 226, February 1999"--P. [4] of cover.
|
| 610 |
1 |
0 |
|a United States.
|b Army
|x Recruiting, enlistment, etc.
|
| 710 |
1 |
|
|a United States.
|b Department of the Army.
|
| 999 |
|
|
|a MARS
|
| 999 |
f |
f |
|s a4c788a5-d355-34b8-aab7-ce3df87e3e76
|i 3ce267b8-db3a-3f1c-90d2-55c35b6e8388
|t 0
|
| 952 |
f |
f |
|p normal
|a Texas A&M University
|b College Station
|c Sterling C. Evans Library
|d Evans: US Documents (Annex 5th floor)
|t 0
|e D 101.43/2:226/999
|h Superintendent of Documents classification
|i unmediated -- volume
|m A14826676444
|
| 998 |
f |
f |
|a D 101.43/2:226/999
|t 0
|l Evans: US Documents (Annex 5th floor)
|